000
00333 a2200157 4500
001
180603
020
_a
040
_c
Magnum
100
_a
Barbosa, Rogerio Andrade
240
1
0
_a
A vinganca do falcao
_l
por
245
1
0
_a
A vinganca do falcao
362
0
_a
1899
440
1
_a
FTD
697
_a
MAGNITO: IJ/ANIMAIS
942
_c
BK
999
_c
180603
_d
180603